Die "Blüte" der Staaten des östlichen Europa im 14. Jahrhundert. - Wiesbaden : Harrassowitz. - 2004 [Rezension]
| Titel: | Die "Blüte" der Staaten des östlichen Europa im 14. Jahrhundert. - Wiesbaden : Harrassowitz. - 2004 [Rezension] |
|---|---|
| Verfasser: | |
| In: |
Beiträge zur Geschichte Westpreußens, Band 20/21 (2006), Seite 405-407 alle Artikel anzeigen |
| Veröffentlicht: | 2006 [2008] |
| Format: | Aufsatz |
| Sprache: | Deutsch |
X
alg: 39499387 001A $01999:12-11-16 001B $01999:04-08-21 $t21:01:31.000 001D $01999:12-11-16 001U $0utf8 001X $00 002@ $0Aox 003@ $039499387X 007A $039499387X $aHEB 007T $0Herdc0064202m 010@ $ager 011@ $a2006 $n2006 [2008] 021A $aDie @"Blüte" der Staaten des östlichen Europa im 14. Jahrhundert. - Wiesbaden : Harrassowitz. - 2004 [Rezension] 028A $#Sarnowski, Jürgen $7111698855 $8Sarnowsky, Jürgen$Z1955- [Tp1] $9146216172 031A $d20/21 $h405-407 $j2006 039B $aIn $8--Abvc--. Beiträge zur Geschichte Westpreußens. - Münster, Westf. : Nicolaus-Copernicus-Verl., 1967-2008. - ISSN 0341-9436 $x200600000200000595 $9046826319 039T $8--Aau--. Die @"Blüte" der Staaten des östlichen Europa im 14. Jahrhundert. - Wiesbaden : Harrassowitz, 2004. - VI, 352 S. - Ill., graph. Darst., Kt.. - ISBN 3-447-04797-6 $9121756807 045F $a900.9437 $eDDC23BSB 045F/01 $a900 045F/03 $g437 045T $a8,1 lok: 39499387 78 exp: 39499387 78 1 #EPN 201B/01 $018-11-16 $t13:22:21.000 201U/01 $0utf8 203@/01 $0791292495 208@/01 $a12-11-16 $be 209A/01 $a/ $f000 $x00 220C/01 $aTitelaufnehmer: gk;tn 220C/01 $aHerkunft: HI Marburg 244Z/01 $2Trx $#Kesk- ja Ida- Euroopa kontseptsioonid $#Vidurio Europos koncepcijos $#East-Central Europe $#Keletközépeurópa-eszmék $#Europa Środkowo-Wschodnia koncepcje $#Európa stredovýchodná koncepcie $#Evropa střední, východní část koncepce $#Mitteleuropa $#Osteuropakonzeptionen $#Europa Środkowa koncepcje $#Stredná Európa koncepcie $#Střední Europa koncepce $8--Trx--Ostmitteleuropakonzeptionen $x01 $9391364286 244Z/01 $2Trx $#arvustused $#recenzijos $#Reviews $#recenziók $#recenzje $#recenzie $#recenze $8--Trx--Rezensionen $x02 $9391357441 247C/01 $82080>Marburg/Lahn, Herder-Institut, Forschungsbibliothek, Bibliographieportal $9336309341
| LEADER | 00000caa a22000002c 4500 | ||
|---|---|---|---|
| 001 | 39499387X | ||
| 003 | DE-603 | ||
| 005 | 20210804210131.0 | ||
| 007 | tu | ||
| 008 | 161112s2006 xx |||| | u00||u|ger c | ||
| 035 | |a (DE-599)HEB39499387X | ||
| 040 | |a DE-603 |b ger |c DE-603 |d DE-603 | ||
| 041 | |a ger | ||
| 082 | 0 | 4 | |8 1\u |a 900.9437 |q DE-101 |2 23/BSB |
| 084 | |a 8,1 |2 ssgn | ||
| 085 | |8 1\u |b 900 | ||
| 085 | |8 1\u |z 2 |s 437 | ||
| 100 | 1 | |a Sarnowsky, Jürgen |d 1955- |0 (DE-603)146216172 |0 (DE-588)111698855 |2 gnd | |
| 245 | 0 | 0 | |a Die "Blüte" der Staaten des östlichen Europa im 14. Jahrhundert. - Wiesbaden : Harrassowitz. - 2004 [Rezension] |
| 264 | 0 | |c 2006 [2008] | |
| 773 | 0 | 8 | |i In |t Beiträge zur Geschichte Westpreußens |d Münster, Westf. : Nicolaus-Copernicus-Verl., 1967-2008 |h 24 cm |x 0341-9436 |g Band 20/21 (2006), Seite 405-407 |w (DE-603)046826319 |w (DE-600)731-6 |
| 787 | 0 | 8 | |i Rezension von |t Die "Blüte" der Staaten des östlichen Europa im 14. Jahrhundert |d Wiesbaden : Harrassowitz, 2004 |h VI, 352 S, Ill., graph. Darst., Kt. |z 3447047976 |w (DE-603)121756807 |
| 924 | 0 | |9 2080 |a (DE-603)791292495 |b DE-2080 |c HES |d d |g / | |


